Odborárom sa nepozdáva, že VSŽ tlačia dcéry do vyššej efektívnosti

Bibliographic Details
Main Author: Hirman, Karel (Author)
Corporate Author: Východoslovenské železiarne (Košice, Slovensko) (Author)
Format: Article
Language:Slovak
Subjects:

MARC

LEADER 00000nab a2200000 a 4500
001 vtls000927705
003 SK-MaSNL
005 20260303033428.0
008 040720e20020000xo 0 slo
035 |a KE36582 
040 |a KEVKJB  |b slo  |c KEVKJB  |e AACR2 
041 0 |a slo 
044 |a xo  |c SK 
080 |a 669.1  |2 1981 
100 1 |a Hirman, Karel  |4 aut  |9 438764 
245 1 0 |a Odborárom sa nepozdáva, že VSŽ tlačia dcéry do vyššej efektívnosti 
518 |a 2001 
610 2 7 |a Východoslovenské železiarne (Košice, Slovensko)  |2 KEVKJB 
610 2 7 |a Východoslovenské železiarne Holding (Košice, Slovensko)  |2 snkbucl  |9 29927 
650 0 7 |a hospodárenie  |2 KEVKJB  |9 322275 
650 0 7 |a akcionári  |2 KEVKJB  |9 17578 
650 0 7 |a štruktúra  |2 KEVKJB  |9 429184 
651 7 |a KE,  |2 KEVKJB  |9 877256 
655 7 |a periodikum  |2 snkbucl  |9 29553 
710 2 |a Východoslovenské železiarne (Košice, Slovensko)  |4 aut 
773 0 8 |t Trend  |g Roč. 12  |g Roč. 28, č.12 (2002), s. 3 
773 0 8 |i Príl.:  |t Fakt. - Č. 12 (2002) 
852 |a ZVYKNI  |b KIS3GCP 
999 |c 1669972  |d 1671902